000 00701nam a2200241 a 4500
001 45118
003 BD-RjUL
005 20211209053951.0
008 160723s1964 mdu 001 0 eng d
035 _a(BD-RjUL)45236
040 _aDLC
_cABC
_dABC
_dUKM
_dEQO
_dBD-RjUL
_beng
041 _aeng
082 _a338.0942
_223
_bMAW 1964
100 1 _aMalik, Rex.
_9138209
245 1 0 _aWhat's wrong with British industry? /
_cRex Malik
260 _aBaltimore :
_bPenguin Books,
_cc1964.
300 _a131 p. ;
_c18 cm.
490 1 _aPenguin special ;
_vS221
504 _aIncludes index.
650 0 _aIndustries
_zGreat Britain.
_9138210
830 0 _aPenguin special ;
_vS221.
_9128100
942 _2ddc
_cBK
999 _c45118
_d45118